[Event "SVK-chT1W 1920"]
[Site "Slovakia"]
[Date "2020.02.23"]
[Round "9.6"]
[White "Batora, Matej"]
[Black "Rozsas, Daniel"]
[Result "1-0"]
[WhiteElo "2017"]
[BlackElo "1651"]
[PlyCount "67"]
[EventDate "2019.10.12"]
[EventType "team-tourn"]
[EventRounds "11"]
[EventCountry "SVK"]
[SourceTitle "CBM 195 Extra"]
[Source "ChessBase"]
[SourceDate "2020.05.31"]
[SourceVersion "1"]
[SourceVersionDate "2020.05.31"]
[SourceQuality "1"]
[WhiteTeam "Nitra NSK"]
[BlackTeam "Orechova Poton"]
[WhiteTeamCountry "SVK"]
[BlackTeamCountry "SVK"]

1. e4 c5 2. Nf3 Nc6 3. d4 cxd4 4. Nxd4 Nf6 5. Nc3 e5 6. Ndb5 d6 7. Bg5 Be7 8. Bxf6 gxf6 9. Nd5 Rb8 10. Nbc7+ Kf8 11. Qh5 h6 12. c3 a6 13. a4 Be6 14. Bc4 Qd7 15. 0-0 Bd8 16. Nxe6+ Qxe6 17. Ne3 Qd7 18. Rfd1 Rh7 19. Nf5 Bc7 20. Rd3 b5 21. axb5 axb5 22. Bd5 Ne7 23. Ne3 Bb6 24. Ng4 Nxd5 25. Rxd5 Ke7 26. h3 Rg8 27. Qh4 Qe6 28. Rxb5 Bc7 29. Ra7 Rxg4 30. hxg4 Qd7 31. Rbb7 Kd8 32. Qxf6+ Kc8 33. Rxc7+ Qxc7 34. Rxc7+ 1-0

[Event "SVK-chT4 A22 1819"]
[Site "Slovakia"]
[Date "2019.02.03"]
[Round "8.2"]
[White "Kiss, Balazs5"]
[Black "Rozsas, Daniel"]
[Result "0-1"]
[WhiteElo "1422"]
[BlackElo "1745"]
[PlyCount "96"]
[EventDate "2018.10.14"]
[EventType "team-tourn"]
[EventRounds "11"]
[EventCountry "SVK"]
[SourceTitle "EXT 2020"]
[Source "ChessBase"]
[SourceDate "2019.10.17"]
[SourceVersion "1"]
[SourceVersionDate "2019.10.17"]
[SourceQuality "1"]

1. e4 c5 2. Nf3 Nc6 3. d4 cxd4 4. Nxd4 g6 5. Bf4 d6 6. c3 Bg7 7. Be3 Nf6 8. Bd3 0-0 9. Nd2 Ng4 10. Nxc6 bxc6 11. 0-0 Nxe3 12. fxe3 Rb8 13. Rb1 Qa5 14. Nc4 Qc5 15. b4 Qg5 16. Qe1 Be6 17. Rb2 Bxc4 18. Bxc4 Qe5 19. Rb3 Qxe4 20. Rf4 Qc2 21. Qf1 d5 22. Rf2 Qe4 23. Bd3 Qxe3 24. c4 Bd4 25. cxd5 Qxf2+ 26. Qxf2 Bxf2+ 27. Kxf2 cxd5 28. Ke3 e5 29. Be2 f5 30. a3 Rfc8 31. Kf3 d4 32. Kf2 Rc3 33. Rb2 Rxa3 34. g4 d3 35. Bd1 Rc8 36. Ke3 Rcc3 37. gxf5 gxf5 38. b5 Ra1 39. Kd2 Rac1 40. Bb3+ Kg7 41. Ke3 f4+ 42. Ke4 Rxb3 43. Rxb3 d2 44. b6 d1Q 45. bxa7 Rc4+ 46. Kf5 Qd7+ 47. Kxe5 Qd4+ 48. Kf5 Rc5+ 0-1

[Event "SVK-chT4 A22 1819"]
[Site "Slovakia"]
[Date "2019.01.06"]
[Round "6.1"]
[White "Szabo, Julius1"]
[Black "Rozsas, Daniel"]
[Result "0-1"]
[WhiteElo "1632"]
[BlackElo "1745"]
[PlyCount "48"]
[EventDate "2018.10.14"]
[EventType "team-tourn"]
[EventRounds "11"]
[EventCountry "SVK"]
[SourceTitle "EXT 2020"]
[Source "ChessBase"]
[SourceDate "2019.10.17"]
[SourceVersion "1"]
[SourceVersionDate "2019.10.17"]
[SourceQuality "1"]

1. e4 c5 2. Nc3 Nc6 3. Bb5 g6 4. Bxc6 bxc6 5. f4 Bg7 6. d3 d6 7. Nf3 Bg4 8. 0-0 Rb8 9. Rb1 Bxc3 10. Bd2 Bd4+ 11. Kh1 Rxb2 12. c3 Rxb1 13. Qxb1 Bg7 14. Qb7 Qd7 15. Qb8+ Qc8 16. Qxa7 Nh6 17. Rb1 0-0 18. Qxe7 Qd7 19. Qh4 Ra8 20. f5 Bxf3 21. gxf3 Nxf5 22. exf5 Qxf5 23. f4 Qxd3 24. Rd1 Qf3+ 0-1

[Event "SVK-chT4 A22 1819"]
[Site "Slovakia"]
[Date "2018.11.11"]
[Round "3.5"]
[White "Lezovic, Maros"]
[Black "Rozsas, Daniel"]
[Result "1-0"]
[WhiteElo "1822"]
[BlackElo "1745"]
[PlyCount "77"]
[EventDate "2018.10.14"]
[EventType "team-tourn"]
[EventRounds "11"]
[EventCountry "SVK"]
[SourceTitle "EXT 2020"]
[Source "ChessBase"]
[SourceDate "2019.10.17"]
[SourceVersion "1"]
[SourceVersionDate "2019.10.17"]
[SourceQuality "1"]

1. e4 c5 2. Nf3 e6 3. c3 Nc6 4. g3 g6 5. Bg2 Bg7 6. 0-0 d6 7. d4 cxd4 8. Nxd4 Qc7 9. Be3 Nf6 10. Nb5 Qd8 11. Nxd6+ Kf8 12. Bc5 Kg8 13. e5 Nd7 14. Bxc6 bxc6 15. Nxf7 Kxf7 16. Qf3+ Nf6 17. exf6 Bxf6 18. Bd4 Bd7 19. Nd2 Kg7 20. Qxf6+ Qxf6 21. Bxf6+ Kxf6 22. Ne4+ Kf5 23. Nc5 Bc8 24. Rfd1 Rb8 25. b4 Re8 26. Rd6 Rb6 27. Rad1 Re7 28. Rd8 Rc7 29. f3 Ba6 30. R1d7 Rxd7 31. Rxd7 Bc4 32. Rxa7 h5 33. a4 Rb8 34. Rf7+ Kg5 35. a5 e5 36. Re7 Kf6 37. Rxe5 Rd8 38. Re1 Rd2 39. Ne4+ 1-0

[Event "SVK-chT4 A22 1718"]
[Site "Slovakia"]
[Date "2018.01.28"]
[Round "8.1"]
[White "Suchan, Jozef"]
[Black "Rozsas, Daniel"]
[Result "0-1"]
[WhiteElo "1751"]
[BlackElo "1654"]
[PlyCount "80"]
[EventDate "2017.10.01"]
[EventType "team-tourn"]
[EventRounds "11"]
[EventCountry "SVK"]
[SourceTitle "EXT 2020"]
[Source "ChessBase"]
[SourceDate "2019.10.17"]
[SourceVersion "1"]
[SourceVersionDate "2019.10.17"]
[SourceQuality "1"]

1. d4 Nf6 2. c4 e6 3. Nf3 c5 4. e3 d5 5. Bd3 Be7 6. 0-0 0-0 7. Nc3 b6 8. b3 Bb7 9. Bb2 Nc6 10. Rc1 cxd4 11. exd4 Rc8 12. Re1 Bb4 13. a3 Bd6 14. Bb1 Na5 15. cxd5 Nxd5 16. Nxd5 Rxc1 17. Bxc1 Bxd5 18. Qd3 g6 19. b4 Nc6 20. Bg5 Be7 21. Bh6 Re8 22. Ne5 Bf6 23. Nxc6 Bxc6 24. Rd1 Qd5 25. f3 Rd8 26. Be3 Rc8 27. Rc1 Rd8 28. Rd1 Bb5 29. Qd2 Ba4 30. Bc2 Bxc2 31. Qxc2 e5 32. Bc1 exd4 33. Rd3 Re8 34. Qd1 Bh4 35. Be3 Qe5 36. Bf2 Bxf2+ 37. Kxf2 Rd8 38. Kg1 Qg5 39. a4 Rd5 40. Rxd4 Qe3+ 0-1

[Event "SVK-chT4 A22 1718"]
[Site "Slovakia"]
[Date "2017.12.10"]
[Round "6.1"]
[White "Rozsas, Daniel"]
[Black "Kosar, Mikulas"]
[Result "0-1"]
[WhiteElo "1654"]
[BlackElo "1843"]
[PlyCount "58"]
[EventDate "2017.10.01"]
[EventType "team-tourn"]
[EventRounds "11"]
[EventCountry "SVK"]
[SourceTitle "EXT 2020"]
[Source "ChessBase"]
[SourceDate "2019.10.17"]
[SourceVersion "1"]
[SourceVersionDate "2019.10.17"]
[SourceQuality "1"]

1. e4 c5 2. Nf3 Nc6 3. d4 cxd4 4. Nxd4 e5 5. Nb5 a6 6. N5a3 Nf6 7. Bg5 Bc5 8. Nc3 Bxa3 9. bxa3 Qa5 10. Qd3 Nxe4 11. Bd2 Nxd2 12. Qxd2 0-0 13. Bd3 Nd4 14. 0-0 d6 15. Rfe1 Be6 16. Qe3 f5 17. Ne2 Nxe2+ 18. Bxe2 Rac8 19. Red1 Rc3 20. Qg5 Qc7 21. h4 Rxc2 22. Bh5 Qc5 23. Rd3 f4 24. Rad1 h6 25. Qg6 Bf5 26. Rxd6 Qxf2+ 27. Kh2 Bxg6 28. Rxg6 Qxh4+ 29. Kg1 Qxh5 0-1

[Event "SVK-chT3A2 1718"]
[Site "Slovakia"]
[Date "2017.11.19"]
[Round "4.2"]
[White "Rozsas, Daniel"]
[Black "Suchan, Jozef"]
[Result "0-1"]
[WhiteElo "1712"]
[BlackElo "1751"]
[PlyCount "56"]
[EventDate "2017.10.08"]
[EventType "team-tourn"]
[EventRounds "11"]
[EventCountry "SVK"]
[SourceTitle "EXT 2020"]
[Source "ChessBase"]
[SourceDate "2019.10.17"]
[SourceVersion "1"]
[SourceVersionDate "2019.10.17"]
[SourceQuality "1"]
[WhiteTeam "Potonska Veza II"]
[BlackTeam "Trnava Lokomotiva III"]
[WhiteTeamCountry "SVK"]
[BlackTeamCountry "SVK"]

1. e4 e5 2. Nf3 Nc6 3. d4 exd4 4. Bc4 Nf6 5. Ng5 d5 6. exd5 Na5 7. Bb5+ Bd7 8. Bxd7+ Qxd7 9. Qxd4 Qxd5 10. Qe3+ Be7 11. Nc3 Qxg2 12. Qf3 Qxf3 13. Nxf3 h6 14. Bf4 Bb4 15. Bd2 0-0-0 16. 0-0-0 Nc4 17. Be1 Rxd1+ 18. Kxd1 Nxb2+ 19. Kc1 Nc4 20. Nd4 Rd8 21. Nf5 Ba3+ 22. Kb1 Bf8 23. f3 g6 24. Ng3 Nd2+ 25. Kc1 Ba3+ 26. Kd1 Nxf3+ 27. Ke2 Nxe1 28. Rxe1 Bb4 0-1

[Event "SVK-chT4 A22 1617"]
[Site "Slovakia"]
[Date "2017.02.26"]
[Round "10.5"]
[White "Rozsas, Daniel"]
[Black "Klanica, Anton"]
[Result "1-0"]
[WhiteElo "1614"]
[BlackElo "1766"]
[PlyCount "79"]
[EventDate "2016.10.09"]
[EventType "team-tourn"]
[EventRounds "11"]
[EventCountry "SVK"]
[SourceTitle "EXT 2020"]
[Source "ChessBase"]
[SourceDate "2019.10.17"]
[SourceVersion "1"]
[SourceVersionDate "2019.10.17"]
[SourceQuality "1"]

1. e4 e6 2. d4 d5 3. Nc3 Nf6 4. Bg5 Be7 5. e5 Nfd7 6. Bxe7 Qxe7 7. f4 a6 8. Nf3 c5 9. Ne2 Nc6 10. c3 0-0 11. Qc2 f5 12. dxc5 Qxc5 13. Ned4 Nxd4 14. Nxd4 Qb6 15. Qb3 Re8 16. Be2 Qa7 17. Qa4 Re7 18. Qa5 Qb6 19. Qxb6 Nxb6 20. 0-0-0 Bd7 21. Rhg1 Kh8 22. g4 g6 23. gxf5 gxf5 24. Rg3 Rg8 25. Rdg1 Reg7 26. b3 Rxg3 27. Rxg3 Rg7 28. a4 Nc8 29. Kb2 Ne7 30. Bh5 Kg8 31. Ka3 Kf8 32. Kb4 b6 33. a5 b5 34. Kc5 Rxg3 35. hxg3 Nc8 36. Nc6 Be8 37. Bxe8 Kxe8 38. Nb8 Na7 39. Nxa6 Kd7 40. Kb6 1-0

[Event "SVK-chT4 A22 1617"]
[Site "Slovakia"]
[Date "2016.10.09"]
[Round "1.6"]
[White "Szekely, Stefan"]
[Black "Rozsas, Daniel"]
[Result "1/2-1/2"]
[WhiteElo "1829"]
[BlackElo "1648"]
[PlyCount "33"]
[EventDate "2016.10.09"]
[EventType "team-tourn"]
[EventRounds "11"]
[EventCountry "SVK"]
[SourceTitle "EXT 2020"]
[Source "ChessBase"]
[SourceDate "2019.10.17"]
[SourceVersion "1"]
[SourceVersionDate "2019.10.17"]
[SourceQuality "1"]

1. c4 Nf6 2. Nc3 d5 3. cxd5 Nxd5 4. Nf3 e6 5. g3 Be7 6. Bg2 0-0 7. 0-0 Bf6 8. d4 Nxc3 9. bxc3 c5 10. e4 Nc6 11. e5 Be7 12. Be3 cxd4 13. cxd4 Nb4 14. Nd2 Nd5 15. Bxd5 Qxd5 16. Qf3 Qd7 17. Qg4 1/2-1/2

[Event "SVK-chT4 A22 1516"]
[Site "Slovakia"]
[Date "2016.01.10"]
[Round "6.3"]
[White "Rozsas, Daniel"]
[Black "Suchan, Jozef"]
[Result "0-1"]
[WhiteElo "1638"]
[BlackElo "1727"]
[PlyCount "105"]
[EventDate "2015.10.04"]
[EventType "team-tourn"]
[EventRounds "11"]
[EventCountry "SVK"]
[SourceTitle "EXT 2020"]
[Source "ChessBase"]
[SourceDate "2019.10.17"]
[SourceVersion "1"]
[SourceVersionDate "2019.10.17"]
[SourceQuality "1"]

1. e4 e5 2. Nf3 Nc6 3. d4 exd4 4. Bc4 Be7 5. e5 d5 6. Bb5 Bd7 7. Bxc6 Bxc6 8. Nxd4 Qd7 9. 0-0 0-0-0 10. a4 h5 11. c3 a5 12. Qd3 g5 13. Re1 g4 14. Bf4 Bc5 15. Nd2 Re8 16. N2b3 Bb6 17. Nxc6 Qxc6 18. Nd4 Qd7 19. Nf5 Ne7 20. Nxe7+ Rxe7 21. b3 h4 22. Rad1 c6 23. c4 d4 24. Rc1 c5 25. Re4 Re6 26. Bg5 Bd8 27. Bxd8 Qxd8 28. Qd2 f5 29. Ree1 b6 30. Qf4 Rh5 31. Rcd1 Qg5 32. Qxg5 Rxg5 33. g3 h3 34. f4 gxf3 35. Kf2 f4 36. gxf4 Rg2+ 37. Kxf3 Rxh2 38. Rh1 Rb2 39. Rd3 h2 40. Ke4 Rg6 41. Rh3 Rgg2 42. e6 Rbe2+ 43. Kf5 Rgf2 44. Rh8+ Kc7 45. Rh7+ Kc6 46. e7 Kd7 47. Kg4 d3 48. Rh5 Kxe7 49. Rd5 d2 50. Kg3 Re1 51. Kxf2 Rxh1 52. Rxd2 Rg1 53. Re2+ 0-1

[Event "SVK-chT4 A22 1516"]
[Site "Slovakia"]
[Date "2015.12.13"]
[Round "5.5"]
[White "Rozsas, Daniel"]
[Black "Bohunicky, Pavol"]
[Result "1/2-1/2"]
[WhiteElo "1638"]
[BlackElo "1636"]
[PlyCount "105"]
[EventDate "2015.10.04"]
[EventType "team-tourn"]
[EventRounds "11"]
[EventCountry "SVK"]
[SourceTitle "EXT 2020"]
[Source "ChessBase"]
[SourceDate "2019.10.17"]
[SourceVersion "1"]
[SourceVersionDate "2019.10.17"]
[SourceQuality "1"]

1. e4 d5 2. exd5 Nf6 3. Nf3 Nxd5 4. d4 Bf5 5. c3 e6 6. Nbd2 Bd6 7. Nc4 0-0 8. Nxd6 cxd6 9. Bd3 Bxd3 10. Qxd3 f5 11. 0-0 Nc6 12. Re1 Qd7 13. a3 Rae8 14. c4 Nf6 15. Bd2 Ne4 16. d5 exd5 17. Qxd5+ Kh8 18. Bf4 Ne7 19. Qd4 Nc6 20. Qd3 Re6 21. Rad1 Rfe8 22. Nd2 Nc5 23. Qf1 Qe7 24. Nf3 Ne4 25. Qd3 Ne5 26. Bxe5 dxe5 27. b4 Nxf2 28. Kxf2 e4 29. Qe3 exf3 30. Qxe6 Qh4+ 31. Kxf3 Rxe6 32. Rxe6 h6 33. Re8+ Kh7 34. Rdd8 Qg4+ 35. Kf2 Qf4+ 36. Ke2 Qxc4+ 37. Kf3 Qg4+ 38. Kf2 Qh4+ 39. Kg1 Qc4 40. Rd1 Qb3 41. Rd7 Qb1+ 42. Kf2 Qb2+ 43. Kf1 Qc1+ 44. Kf2 Qf4+ 45. Kg1 Qc1+ 46. Kf2 Qb2+ 47. Kf1 Qxa3 48. Ree7 Qc1+ 49. Ke2 Qb2+ 50. Kf3 Qc3+ 51. Kf2 Qb2+ 52. Kf3 Qc3+ 53. Kf2 1/2-1/2

[Event "SVK-chT4 A22 1516"]
[Site "Slovakia"]
[Date "2015.11.22"]
[Round "4.2"]
[White "Mackovic, Miroslav"]
[Black "Rozsas, Daniel"]
[Result "1-0"]
[WhiteElo "1899"]
[BlackElo "1638"]
[PlyCount "105"]
[EventDate "2015.10.04"]
[EventType "team-tourn"]
[EventRounds "11"]
[EventCountry "SVK"]
[SourceTitle "EXT 2020"]
[Source "ChessBase"]
[SourceDate "2019.10.17"]
[SourceVersion "1"]
[SourceVersionDate "2019.10.17"]
[SourceQuality "1"]

1. e4 e5 2. Nf3 Nc6 3. Bb5 a6 4. Ba4 Nf6 5. 0-0 Be7 6. Re1 b5 7. Bb3 d6 8. c3 0-0 9. h3 Bb7 10. d4 h6 11. Nbd2 Re8 12. d5 Nb8 13. Nf1 Nh7 14. Ng3 Ng5 15. Nf5 Nxf3+ 16. Qxf3 Bf8 17. g4 Qf6 18. Kh2 g5 19. Rh1 Bc8 20. Kg2 Bxf5 21. gxf5 Nd7 22. Be3 Qg7 23. Rag1 Nf6 24. Kf1 Kh8 25. Qg2 Be7 26. h4 g4 27. h5 Rg8 28. Rh4 Nxe4 29. Rxg4 Qxg4 30. Qxg4 Rxg4 31. Rxg4 Nf6 32. Rg2 Rg8 33. Bxh6 Rxg2 34. Kxg2 Nxh5 35. Kf3 Kh7 36. Bd2 Bh4 37. Kg4 Ng7 38. Kxh4 Nxf5+ 39. Kg5 Ng7 40. a4 Ne8 41. axb5 axb5 42. Bc2+ Kg7 43. Kf5 Kf8 44. Bh6+ Ke7 45. Bd3 c6 46. dxc6 Nc7 47. Bg5+ Ke8 48. c4 bxc4 49. Bxc4 d5 50. Ba2 e4 51. Ke5 Ne6 52. Be3 d4 53. Bxd4 1-0

[Event "SVK-chT4 A22 1516"]
[Site "Slovakia"]
[Date "2015.10.18"]
[Round "2.1"]
[White "Rozsas, Daniel"]
[Black "Sarkozi, Szabolcs"]
[Result "1-0"]
[WhiteElo "1638"]
[BlackElo "1443"]
[PlyCount "105"]
[EventDate "2015.10.04"]
[EventType "team-tourn"]
[EventRounds "11"]
[EventCountry "SVK"]
[SourceTitle "EXT 2020"]
[Source "ChessBase"]
[SourceDate "2019.10.17"]
[SourceVersion "1"]
[SourceVersionDate "2019.10.17"]
[SourceQuality "1"]

1. e4 e5 2. Nf3 Nc6 3. d4 exd4 4. Bc4 Bb4+ 5. c3 dxc3 6. bxc3 Ba5 7. Qb3 Qe7 8. 0-0 h6 9. Bf4 d6 10. Re1 Be6 11. Bxe6 Qxe6 12. Qxb7 Rb8 13. Qxc6+ Qd7 14. Qxd7+ Kxd7 15. Rd1 g5 16. Be5 f6 17. Bd4 Rb7 18. e5 fxe5 19. Nxe5+ Kc8 20. Nc6 Bxc3 21. Bxc3 Rh7 22. Na3 Ne7 23. Nxe7+ Rxe7 24. Re1 Rxe1+ 25. Rxe1 c5 26. g3 d5 27. Re5 Rd7 28. Nb5 a6 29. Re8+ Kb7 30. Nd4 cxd4 31. Bxd4 Rd6 32. g4 a5 33. Rf8 Kc6 34. Rf6 Rxf6 35. Bxf6 Kc5 36. Bc3 a4 37. a3 Kc4 38. Bb4 d4 39. h4 Kd3 40. hxg5 hxg5 41. Be7 Ke2 42. Bxg5 d3 43. Kg2 d2 44. Bxd2 Kxd2 45. g5 Kc3 46. g6 Kb3 47. g7 Kxa3 48. g8Q Kb2 49. f4 a3 50. f5 a2 51. Qxa2+ Kxa2 52. f6 Kb3 53. f7 1-0

[Event "SVK-chT4 A22 1516"]
[Site "Slovakia"]
[Date "2015.10.04"]
[Round "1.6"]
[White "Rozsas, Daniel"]
[Black "Fekete, Robert"]
[Result "1-0"]
[WhiteElo "1638"]
[BlackElo "1898"]
[PlyCount "61"]
[EventDate "2015.10.04"]
[EventType "team-tourn"]
[EventRounds "11"]
[EventCountry "SVK"]
[SourceTitle "EXT 2020"]
[Source "ChessBase"]
[SourceDate "2019.10.17"]
[SourceVersion "1"]
[SourceVersionDate "2019.10.17"]
[SourceQuality "1"]

1. e4 e6 2. d4 d5 3. Nc3 dxe4 4. Nxe4 Nf6 5. Bg5 Be7 6. Nxf6+ Bxf6 7. Be3 a6 8. Nf3 Nc6 9. c3 b5 10. Be2 h6 11. a4 b4 12. 0-0 0-0 13. Nd2 Bb7 14. Ne4 Qe7 15. Nc5 Rfb8 16. Nxb7 Rxb7 17. Bf3 Qd6 18. Bf4 Qd7 19. a5 Rab8 20. Qa4 Rb5 21. c4 Rf5 22. Bxc6 Qxd4 23. Bxc7 Rc8 24. Bb6 Qxc4 25. Rac1 Qf4 26. Be3 Qh4 27. Bb7 Rd8 28. Bxa6 Be5 29. g3 Qh3 30. Be2 Bxb2 31. Rc4 1-0

[Event "SVK-chT4 A22 1314"]
[Site "Slovakia"]
[Date "2014.01.12"]
[Round "6.1"]
[White "Rozsas, Daniel"]
[Black "Mackovic, Miroslav"]
[Result "0-1"]
[WhiteElo "1000"]
[BlackElo "1936"]
[PlyCount "66"]
[EventDate "2013.10.06"]
[EventType "team-tourn"]
[EventRounds "11"]
[EventCountry "SVK"]
[SourceTitle "EXT 2015"]
[Source "ChessBase"]
[SourceDate "2014.11.20"]
[SourceVersion "1"]
[SourceVersionDate "2014.11.20"]
[SourceQuality "1"]
[WhiteTeam "Potonska Veza II"]
[BlackTeam "Trnava Modranka II"]
[WhiteTeamCountry "SVK"]
[BlackTeamCountry "SVK"]

1. e4 c5 2. Nf3 d6 3. d4 cxd4 4. Nxd4 Nf6 5. Nc3 a6 6. Bc4 e6 7. Bb3 Be7 8. 0-0 0-0 9. f4 Qc7 10. Be3 b5 11. a3 Bb7 12. Qd3 Nbd7 13. Nf3 Nc5 14. Bxc5 dxc5 15. e5 c4 16. Qe2 Nh5 17. Ng5 Nxf4 18. Rxf4 Bxg5 19. Rg4 Qc5+ 20. Kh1 Qe3 21. Ba2 Qxe2 22. Nxe2 Be7 23. c3 Rad8 24. Nd4 Rd7 25. Bb1 Bc5 26. Be4 h5 27. Rh4 g5 28. Bh7+ Kxh7 29. Rxh5+ Kg6 30. Rh3 Bxd4 31. Rd1 Rfd8 32. cxd4 Rxd4 33. Rf1 Rd1 0-1